La Dolores (Record no. 88991)
[ view plain ]
| 000 -LEADER | |
|---|---|
| campo de control de longitud fija | 01009nam a2200241 i 4500 |
| 001 - NÚMERO DE CONTROL | |
| campo de control | 88991 |
| 003 - IDENTIFICADOR DE NÚMERO DE CONTROL | |
| campo de control | ES-MaACL |
| 005 - FECHA Y HORA DE LA ÚLTIMA TRANSACCIÓN | |
| campo de control | 20250726220146.0 |
| 007 - CAMPO FIJO DE DESCRIPCIÓN FÍSICA--INFORMACIÓN GENERAL | |
| campo de control de longitud fija | t| |
| 008 - DATOS DE LONGITUD FIJA--INFORMACIÓN GENERAL | |
| campo de control de longitud fija | 050121s2004 sp a ||||1| spa d |
| 080 ## - NÚMERO DE LA CLASIFICACIÓN DECIMAL UNIVERSAL | |
| Número de la Clasificación Decimal Universal | 782.1(083.97) |
| 245 03 - MENCIÓN DEL TÍTULO | |
| Título | La Dolores |
| Resto del título | : ópera española en tres actos / |
| Mención de responsabilidad, etc. | libreto de Tomás Bretón basado en la obra teatral de Feliu y Codina estrenada en el Teatro de la Zarzuela de Madrid el 16 de marzo de 1895 ; edición crítica de Angel Oliver. |
| 260 ## - PUBLICACIÓN, DISTRIBUCIÓN, ETC. | |
| Lugar de publicación, distribución, etc. | [Madrid] : |
| Nombre del editor, distribuidor, etc. | Teatro Real, |
| Fecha de publicación, distribución, etc. | 2004. |
| 300 ## - DESCRIPCIÓN FÍSICA | |
| Extensión | 177 p. : |
| Otras características físicas | il. col. y n. ; |
| Dimensiones | 24 cm. |
| 500 ## - NOTA GENERAL | |
| Nota general | Teatro Real, temporada 2004-2005 en anteportada. |
| 500 ## - NOTA GENERAL | |
| Nota general | Programa de las representaciones habidas los días 29 de septiembre, 1,2,3,5,6,8,9,13,15 de octubre de 2004. |
| 650 #4 - PUNTO DE ACCESO ADICIONAL DE MATERIA--TÉRMINO DE MATERIA | |
| Término de materia o nombre geográfico como elemento de entrada | Óperas- |
| Subdivisión general | Programas. |
| 9 (RLIN) | 170038 |
| 700 1# - ENTRADA AGREGADA--NOMBRE PERSONAL | |
| Nombre de persona | Bretón, Tomás, |
| Fechas asociadas al nombre | 1850-1923 |
| 9 (RLIN) | 31633 |
| 700 1# - ENTRADA AGREGADA--NOMBRE PERSONAL | |
| Nombre de persona | Oliver, Angel. |
| 9 (RLIN) | 86802 |
| 710 2# - ENTRADA AGREGADA--NOMBRE DE ENTIDAD CORPORATIVA | |
| Nombre de entidad corporativa o nombre de jurisdicción como elemento de entrada | Teatro Real (Madrid) |
| 9 (RLIN) | 6926 |
| 852 ## - LOCALIZACIÓN | |
| Ubicación | ES-MaACL |
| Número de control de estantería | L-28619 |
| Estatus retirado | Estado de pérdida | Estado de daño | No para préstamo | Biblioteca de origen | Biblioteca actual | Ubicación en estantería | Fecha de adquisición | Fuente de adquisición | Total de préstamos | Signatura topográfica completa | Código de barras | Visto por última vez | Precio de reemplazo | Tipo de ítem Koha |
|---|---|---|---|---|---|---|---|---|---|---|---|---|---|---|
| Biblioteca del Ateneo de Madrid | Biblioteca del Ateneo de Madrid | Depósito 2 | 17/01/2008 | L-28619 | 1092945 | 23/02/2023 | 23/02/2023 | Libro impreso |
